<?xml version="1.0" encoding="UTF-8"?><?xml-stylesheet type="text/xsl" href="static/style.xsl"?><OAI-PMH xmlns="http://www.openarchives.org/OAI/2.0/" xmlns:xsi="http://www.w3.org/2001/XMLSchema-instance" xsi:schemaLocation="http://www.openarchives.org/OAI/2.0/ http://www.openarchives.org/OAI/2.0/OAI-PMH.xsd"><responseDate>2026-04-18T01:31:11Z</responseDate><request verb="GetRecord" identifier="oai:www.recercat.cat:2072/487241" metadataPrefix="marc">https://recercat.cat/oai/request</request><GetRecord><record><header><identifier>oai:recercat.cat:2072/487241</identifier><datestamp>2025-11-07T13:51:15Z</datestamp><setSpec>com_2072_98</setSpec><setSpec>col_2072_378192</setSpec></header><metadata><record xmlns="http://www.loc.gov/MARC21/slim" xmlns:dcterms="http://purl.org/dc/terms/" xmlns:xsi="http://www.w3.org/2001/XMLSchema-instance" xmlns:doc="http://www.lyncode.com/xoai" xsi:schemaLocation="http://www.loc.gov/MARC21/slim http://www.loc.gov/standards/marcxml/schema/MARC21slim.xsd">
   <leader>00925njm 22002777a 4500</leader>
   <datafield ind2=" " ind1=" " tag="042">
      <subfield code="a">dc</subfield>
   </datafield>
   <datafield ind2=" " ind1=" " tag="720">
      <subfield code="a">Chen, Shoulong</subfield>
      <subfield code="e">author</subfield>
   </datafield>
   <datafield ind2=" " ind1=" " tag="720">
      <subfield code="a">Pomar, Alberto</subfield>
      <subfield code="e">author</subfield>
   </datafield>
   <datafield ind2=" " ind1=" " tag="720">
      <subfield code="a">Balcells, Lluis</subfield>
      <subfield code="e">author</subfield>
   </datafield>
   <datafield ind2=" " ind1=" " tag="720">
      <subfield code="a">Konstantinovic, Zorica</subfield>
      <subfield code="e">author</subfield>
   </datafield>
   <datafield ind2=" " ind1=" " tag="720">
      <subfield code="a">Bozzo, Bernat</subfield>
      <subfield code="e">author</subfield>
   </datafield>
   <datafield ind2=" " ind1=" " tag="720">
      <subfield code="a">Frontera, Carlos</subfield>
      <subfield code="e">author</subfield>
   </datafield>
   <datafield ind2=" " ind1=" " tag="720">
      <subfield code="a">Magen Dominguez, Cesar</subfield>
      <subfield code="e">author</subfield>
   </datafield>
   <datafield ind2=" " ind1=" " tag="720">
      <subfield code="a">Mestres, Narcis</subfield>
      <subfield code="e">author</subfield>
   </datafield>
   <datafield ind2=" " ind1=" " tag="720">
      <subfield code="a">Martínez, Benjamín</subfield>
      <subfield code="e">author</subfield>
   </datafield>
   <datafield ind2=" " ind1=" " tag="260">
      <subfield code="c">2025</subfield>
   </datafield>
   <datafield ind2=" " ind1=" " tag="520">
      <subfield code="a">In this work, we investigate how the crystallographic growth direction influences spin current transmission in antiferromagnetic (AF) NiO thin films. By manipulating epitaxial growth, we explored the spin transport characteristics in La2/3Sr1/3MnO3/NiO/Pt heterostructures grown on top of (001)- and (111)-oriented SrTiO3 substrates, varying the NiO barrier thickness (tNiO). Spin currents were generated via spin pumping (SP), and detection was done by the inverse spin Hall effect (ISHE). X-ray diffraction and high-resolution electron microscopy techniques confirmed high-quality epitaxial films with nearly atomically sharp interfaces and similar dislocation distributions, irrespective of the growth direction. Nevertheless, epitaxially engineered (111) heterostructures exhibited superior spin transport properties, including lower magnetic damping (α), longer spin diffusion lengths (λSd), and higher spin mixing conductance (g↑↓). The temperature dependence of the ISHE voltage signal (VISHE) also showed orientation-dependent behavior: while (001)-oriented samples followed a monotonic trend, (111)-oriented samples displayed a peak that shifted to higher temperatures with increasing tNiO, associated with the emergence of AF ordering. Moreover, (111)-oriented samples demonstrated notable spin current amplification at room temperature, peaking at tNiO ≈ 1 nm before decaying quasi-exponentially, indicative of spin diffusion-mediated conduction. Although the spin diffusion length in (111)-oriented samples was roughly double that of their (001)-oriented counterparts, it was still too short to be explained by angular momentum transport by mobile antiferromagnons through NiO. Instead, these findings point to a mechanism involving magnetic correlations and short-range thermal magnons. The superior spin transport properties and the enhanced spin conduction in (111)-oriented samples are primarily attributed to a synergistic combination of interfacial and dynamic effects, a more favorable Néel vector alignment and distinct interface symmetry, which can enhance spin-Hall effects or enable different spin textures. Overall, this study underscores the pivotal role of the Néel vector and crystallographic orientation in AF spin transport, providing valuable insights for the design and optimization of spintronic devices.</subfield>
   </datafield>
   <datafield tag="653" ind2=" " ind1=" ">
      <subfield code="a">Spin pumping</subfield>
   </datafield>
   <datafield tag="653" ind2=" " ind1=" ">
      <subfield code="a">Spin currents transmission</subfield>
   </datafield>
   <datafield tag="653" ind2=" " ind1=" ">
      <subfield code="a">Inverse spin Hall effect</subfield>
   </datafield>
   <datafield tag="653" ind2=" " ind1=" ">
      <subfield code="a">Complex oxides heterostructures</subfield>
   </datafield>
   <datafield tag="653" ind2=" " ind1=" ">
      <subfield code="a">Antiferromagnets</subfield>
   </datafield>
   <datafield ind2="0" ind1="0" tag="245">
      <subfield code="a">Crystallographic Engineering of Spin Transport in Antiferromagnetic NiO Thin Films</subfield>
   </datafield>
</record></metadata></record></GetRecord></OAI-PMH>